000 00793nam a22002057a 4500
003 UA-OsUOA
001 39614
007 ta
008 20080513b un ||||| |||| 00| 0 ukr d
090 _a050
_bП81
942 _cMG
040 _aUA-OsUOA
_bukr
_cUA-OsUOA
_dUA-OsUOA
245 _aПромінь
_b1960: 5, 6; 1961: 1-12; 1962: 1-12; 1963: 1-12; 1964: 1-12; 1965: 1-12; 1966: 1-12; 1967: 1-11; 1968: 1-12; 1969: 1-12; 1970: 1-12; 1971: 1-12; 1972: 1-12; 1973: 1-12; 1974: 1-12; 1975:1-12;1976: 1-12
955 _a4
041 _aukr
080 _a050
260 _aВінніпег
650 7 _a050 Серійні публікації. Періодика галузі, Організація та інші типи поєднання (співробітництва)
_2UDC
999 _c438122
_d438122